00826nam a22002537a 45000010005000000030006000050050017000110080041000280200018000690400029000870500019001160820008001351000026001432450070001692600040002393000061002795050007003405200077003475210027004245210018004516500027004696500044004967000032005409371FISKH20251216083632.0251216b cb ||||| |||| 00| 0 eng d a9780439587419 aFISKHbengcFISKHdFISKH aHN310.S257 N38 a418 aWood, DouglaseAuthor aWhat readers can do /cby Douglas Wood ; pictures by Doug Cushman aNew York :bScholastic Inc. ,c2004 a6 unnumbered pages : bcolor illustrations ;c16 x 23 cm aJ  aSimple text and pictures describe the wonders available through reading.8 a500 bLexile estimate 8 aJ bRaz-Plus  aPicture book vReaders aBooks and reading vJuvenile literature aCushman, Doug eIllustrator